Регионална библиотека "Любен Каравелов" - Русе

Ленин всегда с тобой (Запис номер 321525)

MARC детайли
000 -Лидер
Контролно поле с фиксирана дължина 00828nja a2200205 a 4500
003 - Код на организацията, давaща контролен номер
Контролно поле BLK
005 - Дата и час на последна редакция
Контролно поле 20180422124217.0
008 - Елементи от данни с фиксирана дължина
fixed length control field 180414c bul|r|ner|||| 00| c0bul d
010 ## - Наследен системен номер
LC control number NOT00003965006
040 ## - Източник на каталожния запис
Идентификатор на билиотеката - собственик на записа BLK
100 1# - Редна дума - Автор
Автор Туликов, Серафим Сергеевич
Авторска отговорност първи автор
R(LIN) 131733
245 10 - Сведения за заглавието
Заглавие Ленин всегда с тобой
Редно поле (дума) Серафим Сергеевич Туликов; първи автор Илья Михайлович Ошанин.
257 ## - Страна на издаване
Страна на създаване/издаване Русия
380 ## - Жанр
Жанр Изкуство
700 1# - Други автори (авторска отговорност)
Лично име Ошанин, Илья Михайлович
Автороска отговорност (Описва отношението между автора и произведението) първи автор
9 (RLIN) 389269
773 ## - Описание на основна библиографска единица при аналитични записи (многотомни)
Host Biblionumber 321519
Host Itemnumber 675091
Редна дума на основното описание Туликов, Серафим Сергеевич
Заглавие Песни наших дней
852 ## - Местоположение
Форматна сигнатура Цб М 1560
942 ## - АРТИКУЛИ
Вид на библиотечния материал Нотни издания
Скрит в OPAC Не
944 ## - СЪЗДАВАНЕ И РЕДАКЦИЯ на ЗАПИСА
Създаване/Редакция Създаване
Дата на регистрацията/редакция 28.02.2017
Служител, извършил регистрацията/редакцията Ирена_Линкова
944 ## - СЪЗДАВАНЕ И РЕДАКЦИЯ на ЗАПИСА
Създаване/Редакция Редакция
Дата на регистрацията/редакция 07.03.2017
Служител, извършил регистрацията/редакцията Ирена_Линкова
999 ## - СИСТЕМНИ КОНТРОЛНИ НОМЕРА
Koha biblionumber 321525
Koha biblioitemnumber 321525
Наличности
Код за отписване Код за изгубен артикул Код за повреда Коз за рестрикции Код за отдаване Артикулен № Име на библиотеката - собственик Име на библиотеката, в която се намира в момента Статус (Текущо местоположение) Дата на вписване в системата Местоположение - отдел Цена в лева Инвентарен номер Систематично азбучна сигнатура Баркод Номер на екземпляра Цена в евро Служебна бележка Служебен тип на артикула Бележка за публиката
  Не е изгубен Не е повреден само за читалня ползва се в читалня 675097 Регионална библиотека "Любен Каравелов" Русе Регионална библиотека "Любен Каравелов" Русе Аналитични записи 2018-04-14 Аналитични записи 0.00 900600003965 Цб М 1560 900600003965 6 0.00 аналитичен запис Статия Това е описние на част от артикул: Песни наших дней
Vip Innovations Ltd, Rousse, Bulgaria 2025